Представление документа в формате MARC21

Поле Инд. ПП Название Значение
Тип записи a
Библиографический уровень m
001 Контрольный номер 7da8bf7d-70e4-4e67-9dfc-21c30180eca2
005 Дата корректировки 20151014144325.0
008 Кодируемые данные 060607s1981 rur a 000u 0rus d
017 a Номер государственной регистрации 81-80273
2 Источник номера ЛГР
040 a Служба первич. каталог. RuMoRKP
d Организация, изменившая запись НБ ТвГУ
041 00 a Код языка текста rus
080 00 a Индекс УДК 598.2(083.71)(47+57)(072)
084 a Индекс другой классификации/Индекс ББК Е693.35
090 a Полочн. индекс Е693.35
x Авторский знак Б 45
100 10 a Автор Беме Рюрик Львович
q Полное имя Беме Р. Л.
245 10 a Заглавие Птицы лесов и гор СССР
b Продолж. заглавия полевой определитель : пособие для учителей
250 a Основные сведения об издании 2-е изд.
260 a Место издания Москва
c Дата издания 1981
b Издательство Просвещение
300 a Объем 223 с., [24] л. ил.
b Иллюстрации/ тип воспроизводства ил., карты
c Размеры 22 см
504 a Библиография Библиогр.: с. 207 (10 назв.)
504 a Библиография Алф. указ. рус. и латин. назв.: с. 211-222
653 0_ a Ключевые слова Определители
a Ключевые слова Птицы гор
a Ключевые слова Птицы лесов
a Ключевые слова Птицы СССР
700 1_ a Другие авторы Кузнецов Александр Александрович
q Полное имя Кузнецов А. А.
e Роль лиц Автор
901 t Тип документа m
920 a Оператор Шалы
a Оператор Суха
a Оператор Поля
a Оператор Васил
952 c Вид литературы К ру
954 a Дата поступления на обработку 20140403
b Дата поступления в ОК 20140417ред